|
|
|
|
| LEADER |
00000nam a2200000 a 4500 |
| 001 |
vtls001393257 |
| 003 |
SK-MaSNL |
| 005 |
20260301071511.0 |
| 008 |
240315s2000 xo ad r yy slo |
| 015 |
|
|
|a SNBA2000/09-03292
|
| 020 |
|
|
|a 8088982189
|
| 035 |
|
|
|a SNK000347566
|
| 035 |
|
|
|a urn:nbn:sk:snk-amyhgx
|
| 035 |
|
|
|a urn:nbn:sk:snk-am00ckpf
|
| 035 |
|
|
|a 32F029AA-C3BF-4499-B37E-10A7F89D0CD7
|
| 040 |
|
|
|a SNK
|b slo
|c SNK
|e AACR2
|
| 041 |
0 |
|
|a slo
|
| 044 |
|
|
|a xo
|c SK
|
| 080 |
|
|
|a 164:510.64
|2 1981
|
| 080 |
|
|
|a 510.64:164
|2 1981
|
| 100 |
1 |
|
|a Gahér, František,
|d 1957-
|4 aut
|9 98575
|
| 245 |
1 |
|
|a Stoická sémantika a logika z pohľadu intenzionálnej logiky
|c František Gahér
|
| 260 |
|
|
|a Bratislava
|b STIMUL
|c 2000
|
| 300 |
|
|
|a viii, 281 s.
|c 26 cm
|
| 504 |
|
|
|a Bibliogr. s. 273-278. Men. reg. Res. angl.
|
| 650 |
0 |
7 |
|a logika intenzionálna
|x sémantika stoická
|x monografie
|2 SNK
|9 389366
|
| 650 |
0 |
7 |
|a logika stoická
|x sémantika logická
|x monografie
|2 SNK
|9 389367
|
| 650 |
0 |
7 |
|a sémantika stoická
|x monografie
|2 SNK
|9 389368
|
| 655 |
|
7 |
|a príručky
|2 SNK
|9 74364
|
| 919 |
|
|
|a 80-88982-18-9
|
| 958 |
|
|
|a TL
|
| 958 |
|
|
|a NB
|
| 999 |
|
|
|c 638043
|d 639973
|
| 952 |
|
|
|t P60, <04>, [BOOK], {604}
|a SNK
|b SNK
|y VYP
|7 0
|p 17A0246827
|o snkSB 62075 D1
|i snkKSP 7491/2000
|0 0
|1 0
|4 0
|d 2000-07-26
|l 0
|r 2005-01-02 00:00:00
|w 2026-02-23
|
| 952 |
|
|
|t P60, <03>, [BOOK], {603}
|a SNK
|b SNK
|y PREZ
|7 0
|p 17A0246826
|o snkSB 62075
|i snkKSP 7490/2000
|0 0
|1 0
|4 0
|d 2000-07-26
|f 1
|l 0
|r 2025-04-11 00:00:00
|w 2026-02-23
|